ბათუმის შოთა რუსთაველის სახელმწიფო უნივერსიტეტის ბიბლიოთეკა

Ремонт магистральных газопроводов. (ბიბ.ჩანაწერი № 36969)

000 -LEADER
fixed length control field 00576nam a2200193Ia 4500
001 - CONTROL NUMBER
control field 2921
003 - CONTROL NUMBER IDENTIFIER
control field GE_BSU
008 - FIXED-LENGTH DATA ELEMENTS--GENERAL INFORMATION
fixed length control field 181216s||||||||xx |||||||||||||| ||und||
040 ## - CATALOGING SOURCE
Transcribing agency GE_BSU
080 ## - UNIVERSAL DECIMAL CLASSIFICATION NUMBER
Universal Decimal Classification number 621.643
100 ## - MAIN ENTRY--PERSONAL NAME
Personal name Егерман,Г.Ф. Джафаров,М.Д. Никитенко,Е.А.
245 ## - TITLE STATEMENT
Title Ремонт магистральных газопроводов.
260 ## - PUBLICATION, DISTRIBUTION, ETC.
Place of publication, distribution, etc. М.
260 ## - PUBLICATION, DISTRIBUTION, ETC.
Name of publisher, distributor, etc. Недра.
260 ## - PUBLICATION, DISTRIBUTION, ETC.
Date of publication, distribution, etc. 1973.
300 ## - PHYSICAL DESCRIPTION
Extent 288стр.с илл.21см.
653 ## - INDEX TERM--UNCONTROLLED
Uncontrolled term Ремонт магистральных газопроводов.
942 ## - ADDED ENTRY ELEMENTS (KOHA)
Koha item type წიგნი
ეგზემპლარები
Withdrawn status Lost status Damaged status Not for loan Date acquired Barcode Date last seen Price effective from Koha item type
        2018-12-17 9393 2018-12-17 2018-12-17 წიგნი